000 00465cam a2200145 4500
008 120816n 000 0 eng u
035 _a(Sirsi) a177169
050 _aQD 251 CHE 1956
245 _aChemical applications of spectroscopy vol. ix /
_cedited by W. West
260 _aNew York:
_bInterscience Publishers, Inc.,
_c1956.
300 _axxviii, 787p.
504 _aIncludes bibliographical references and index
650 _aScience
700 _aWest, W.
999 _c117996
_d117996